3-D Holidays Quiz Stats

 Plays Quiz Updated Dec 23, 2016

     
Support Sporcle.
Go Orange.
Score 0/15 Timer 02:00
1 Play Today
% Correct
Donner
96.9%
Donkey
96.5%
Drummer
95.4%
Dead
95.4%
Dracula
92.9%
Dinosaur
92.6%
Devil's
89.5%
Ding Dong
89.3%
% Correct
Douglas
88.1%
Denmark
86.5%
Durga Puja
84.3%
David’s
77.7%
Diwali
74.7%
Dominican Republic
74.2%
Dragonboat
71.4%

From the Vault

Mercury Astronauts

by GeoExpert

Science 2m
Doing well on this quiz will prove that you have The Right Stuff.
Remove Ads.
Support Sporcle.
Get the best of Sporcle when you Go Orange. This ad-free experience offers more features, more stats, and more fun while also helping to support Sporcle. Thank you for becoming a member.

Show Comments

Extras

Top Quizzes Today


Score Distribution

Your Account Isn't Verified!

In order to create a playlist on Sporcle, you need to verify the email address you used during registration. Go to your Sporcle Settings to finish the process.

Report this User

Report this user for behavior that violates our Community Guidelines.

Details: